Optimalizácia prietoku chladiacej vody na tvorbu vákua pri výrobe HB cukríkov bakalárska práca
Uložené v:
| Hlavný autor: | |
|---|---|
| Médium: | Kniha |
| Jazyk: | Slovak |
| Vydavateľské údaje: |
Bratislava
STU FCHPT
2015
|
| On-line prístup: | View in OPAC |
| Tagy: |
Žiadne tagy, Buďte prvý, kto otaguje tento záznam!
|
MARC
| LEADER | 00000nam a2200000 a 4500 | ||
|---|---|---|---|
| 005 | 20260127134222.0 | ||
| 008 | 151020 2015 000 0 slo d | ||
| 035 | |a vtls010967405 | ||
| 039 | 9 | |y 201510200943 |z mschk03 | |
| 040 | |a STUSCHK1 |b slo |c STUSCHK1 |e AACR2 | ||
| 100 | 1 | |a Lamperová, Terézia | |
| 245 | 1 | |a Optimalizácia prietoku chladiacej vody na tvorbu vákua pri výrobe HB cukríkov |b bakalárska práca |c Terézia Lamperová | |
| 260 | |a Bratislava |b STU FCHPT |c 2015 | ||
| 300 | |a 51 s. |b il. |2 5 cm | ||
| 500 | |a Študijný program a odbor: chemické inžinierstvo | ||
| 500 | |a Školiace pracovisko: Odd. chemického a biochemického inžinierstva | ||
| 500 | |a Evid. číslo: FCHPT-5431-61054 | ||
| 910 | |a SCHK95 | ||
| 999 | |c 6990 |d 6990 | ||